Achirálna a chirálna separácia vybraných biologicky aktívnych látok pomocou vysokoúčinnej kvapalinovej chromatografie

Saved in:
Bibliographic Details
Main Author: Lazorová, Paula (Author)
Other Authors: Hroboňová, Katarína (Thesis advisor)
Format: Manuscript Book
Language:Slovak
Published: 2024
Subjects:
Online Access:http://is.stuba.sk/zp/portal_zp.pl?podrobnosti=176582
Tags: Add Tag
No Tags, Be the first to tag this record!

MARC

LEADER 00000ntm a22000003a 4500
001 stuzp98061
003 SK-STU
005 20240601210328.8
007 ta
008 150427s2015----xo-----f-mn---000-0-slo-d
040 |a STU  |b slo 
041 0 |a slo 
100 1 |a Lazorová, Paula  |u 041000  |4 aut  |U FCHPT Fakulta chemickej a potravinárskej technológie  |T FCHPT Ústav analytickej chémie  |X 104723  |U C1000  |Y 99  |7 104723 
242 0 1 |a Achiral and chiral separation of selected biologically active substances using high-performance liquid chromatography  |y eng 
245 1 0 |a Achirálna a chirálna separácia vybraných biologicky aktívnych látok pomocou vysokoúčinnej kvapalinovej chromatografie 
260 |c 2024 
650 4 |a chirálna HPLC  |2 slo 
650 4 |a achirálna HPLC  |2 slo 
650 4 |a heart-cutting  |2 slo 
650 4 |a on-line SPE  |2 slo 
650 4 |a nesteroidné protizápalové liečivá  |2 slo 
650 4 |a heart-cutting  |2 eng 
650 4 |a non-steroidal anti-inflammatory drugs  |2 eng 
650 4 |a chiral separation  |2 eng 
650 4 |a achiral separation  |2 eng 
700 1 |a Hroboňová, Katarína  |u 041000  |k Z1  |4 ths  |U FCHPT Fakulta chemickej a potravinárskej technológie  |T FCHPT Ústav analytickej chémie  |X 3931  |U C1000  |Y 99  |7 A000003931 
856 4 |u http://is.stuba.sk/zp/portal_zp.pl?podrobnosti=176582